ドラえもんのひみつ道具 - Statistics

General Stats
  • This quiz has been taken 347 times
  • The average score is 22 of 1402
Answer Stats
Answer % Correct
どこでもドア
94%
タケコプター
88%
タイムマシン
69%
スモールライト
67%
ビッグライト
63%
もしもボックス
59%
タイムふろしき
53%
ガリバートンネル
47%
ほんやくコンニャク
46%
空気砲
45%
アンキパン
43%
ころばし屋
40%
通りぬけフープ
36%
バイバイン
36%
どくさいスイッチ
35%
グルメテーブルかけ
30%
とうめいマント
29%
ひらりマント
29%
きせかえカメラ
28%
タイムベルト
28%
スペアポケット
26%
コエカタマリン
25%
桃太郎印のきびだんご
25%
タイムテレビ
23%
どこでもまど
21%
石ころぼうし
20%
ミニドラえもん
19%
おざしきつりぼり
17%
ソノウソホント
17%
ムードもりあげ楽団
15%
名刀電光丸
15%
テキオー灯
14%
フエルミラー
14%
アベコンベ
13%
悪魔のパスポート
12%
あべこべクリーム
11%
あらかじめ日記
11%
ウソ800
11%
カムカムキャット
11%
きこりの泉
11%
コピーロボット
11%
コンピューターペンシル
11%
ゴルゴンの首
11%
地球はかいばくだん
11%
とりよせバッグ
11%
ウマタケ
9%
あいあいパラソル
8%
空気ピストル
8%
たずね人ステッキ
8%
テレビとりもち
8%
ハツメイカー
8%
上げ下げくり
7%
うつつまくら
7%
エスパーぼうし
7%
時限バカ弾
7%
どこかなまど
7%
ドンブラ粉
7%
ねがい星
7%
ポータブル国会
7%
わすれろ草
7%
うそつきかがみ
6%
お天気ボックス
6%
のろいのカメラ
6%
まあまあ棒
6%
マジックハンド
6%
ミチビキエンゼル
6%
四次元くずかご
6%
悪運ダイヤ
5%
アトカラホントスピーカー
5%
絵本入りこみぐつ
5%
雲かためガス
5%
時門
5%
人生やりなおし機
5%
手ばり
5%
もどりライト
5%
アパートごっこの木
4%
イエコプター
4%
いたわりロボット
4%
糸なし糸電話
4%
入れかえロープ
4%
おすそわけガム
4%
おそだアメ
4%
オトコンナ
4%
オールシーズンバッジ
4%
オールマイティーパス
4%
銀河はかいばくだん
4%
けんか手袋
4%
重力ペンキ
4%
ジーンマイク
4%
税金鳥
4%
タイムカプセル
4%
タイムトンネル
4%
デビルカード
4%
デンデンハウス
4%
動物変身ビスケット
4%
フエール銀行
4%
復元光線
4%
無生物さいみんメガホン
4%
もぐら手袋
4%
リニアモーターカーごっこ
4%
ロボッター
4%
味見スプーン
3%
アセッカキン
3%
あの人は居間
3%
天の川鉄道乗車券
3%
アンケーター
3%
うそつ機
3%
宇宙救命ボート
3%
ウラオモテックス
3%
ウラシマキャンデー
3%
おこのみボックス
3%
おもちゃの兵隊
3%
温泉ロープ
3%
かげきりばさみ
3%
かげとりもち
3%
キューピッドの矢
3%
具象化鏡
3%
ココロコロン
3%
ゴーゴードッグ
3%
タイム電話
3%
タヌ機
3%
タマシイム・マシン
3%
タンマウォッチ
3%
断層ビジョン
3%
チューケンパー
3%
強いイシ
3%
半分こ刀
3%
ひい木
3%
無敵砲台
3%
モーテン星
3%
山びこ山
3%
あいこグローブ
2%
会いたいヒト回転寿司
2%
あい手ストッパー
2%
あい棒
2%
亜空間ゴーグル
2%
亜空間パイプ
2%
アクションクイズ
2%
アゲタイ
2%
アスレチック・ハウス
2%
アドベン茶
2%
アニメーカー
2%
アヤカリン
2%
ありがたみわかり機
2%
アリガターヤ
2%
イキアタリバッタリサイキンメーカー
2%
いたずらオモチャ化機
2%
いろいろソーダセット
2%
インスタントミニチュア製造カメラ
2%
ウキウキ輪
2%
うそ発見器
2%
宇宙クリーム
2%
ウルトラリング
2%
エアコンスーツ
2%
絵本とりもち
2%
エラチューブ
2%
エーアイアイ
2%
エースキャップ
2%
黄金バット
2%
おおかみ男クリーム
2%
おはなしバッジ
2%
お化けツヅラ
2%
オモイコミン
2%
オモイデコロン
2%
折りたたみハウス
2%
オーバーオーバー
2%
かくれん棒
2%
カチンカチンライト
2%
神さまロボット
2%
からだねん土
2%
ガードしおまねき
2%
機械化機
2%
強力うちわ風神
2%
クモノイトン
2%
グレードアップえき
2%
氷ざいくごて
2%
コンチュー丹
2%
さすと雨がふるかさ
2%
サンタイン
2%
しあわせトランプ
2%
しごきロボット
2%
シャラガム
2%
瞬間固定カメラ
2%
正直太郎
2%
深海クリーム
2%
進化退化光線銃
2%
ジャンボガン
2%
人工太陽
2%
スーパー手ぶくろ
2%
台風のたまご
2%
タイマー
2%
タイムライト
2%
タチバガン
2%
地平線テープ
2%
つづきをヨロシク
2%
デラックスライト
2%
伝記電気
2%
電車ごっこロープ
2%
とうめいペンキ
2%
友だちの輪
2%
トランポリンゲン
2%
道路光線
2%
ドラマチックガス
2%
ナゲー投げ縄
2%
ニクメナイン
2%
人間機関車セット
2%
のぞき穴ボード
2%
入りこみ鏡
2%
バショー扇
2%
パンドラボックス
2%
ピーアール
2%
ピーヒョロロープ
2%
フクロマンスーツ
2%
ペコペコバッタ
2%
ペッター
2%
ペットそっくりまんじゅう
2%
ホームメイロ
2%
ポップ地下室
2%
マジックお尻
2%
水加工用ふりかけ
2%
水よけロープ
2%
ミニ飛行機
2%
耳バン
2%
ムリヤリトレパン
2%
メカ・メーカー
2%
めんくいカメラ
2%
やどり木
2%
ユメテレビ
2%
夢はしご
2%
四次元たてましブロック
2%
ロビンソンクルーソーセット
2%
Yロウ
2%
わすれ鳥
2%
アクションカルタ
1%
アスレチックハウスアウトドアバージョン
1%
アットグングン
1%
あつまれホイッスル
1%
厚みぬきとりバリ
1%
穴ほり機
1%
アニマループ
1%
アニメばこ
1%
あべこべ世界ミラー
1%
アマガエール
1%
あまくてにがいうち水セット
1%
あらかじめアンテナ
1%
アルバイト料先ばらい円ピツ
1%
アワセール
1%
暗号解読機
1%
安全たき火
1%
安全花火
1%
イイナリキャップ
1%
家元かんばん
1%
いきものおりがみ
1%
位置固定スプレー
1%
いっすんぼうし
1%
いつでも卒業証書
1%
いつでも日記
1%
イメージライトキャップ
1%
いれかえ表札
1%
インスタントロボット
1%
ウソージキ
1%
うちでの小づち
1%
うつしっぱなしミラー
1%
うらめしドロップ
1%
ウルトラミキサー
1%
うわさ花し
1%
SOS発信機
1%
N・Sワッペン
1%
エレベータープレート
1%
お医しゃさんカバン
1%
王様の椅子
1%
おうちでサバイバルゲーム
1%
おかし牧草
1%
おかし牧草の種
1%
おこのみ建国用品いろいろ
1%
おざしきゲレンデ
1%
おしおきミサイル
1%
おためし交番セット
1%
オダチンパンジー
1%
おだてジョーズ
1%
おとぎ話体験セット
1%
音消しマイク
1%
お年玉ぶくろ
1%
大人をしかる腕章
1%
鬼は外ビーンズ
1%
オノマトペホーン
1%
おばけハウス
1%
オヒルネーター
1%
お店屋さんごっこセット
1%
おもかるとう
1%
おもて梨
1%
お料理ワッペン
1%
階級ワッペン
1%
架空人物たまご
1%
かたづけラッカー
1%
カッカホカホカ
1%
カッコータマゴ
1%
カドバール
1%
かべ紙ハウス
1%
神さまごっこ
1%
カムカムキャットフード
1%
からだポンプ
1%
かるがるつりざお
1%
ガードロボット
1%
記念日シール
1%
強力ウルトラスーパー デラックスキャンディー
1%
強力においついせき鼻
1%
キンシひょうしき
1%
逆世界入りこみオイル
1%
クイック&スロー
1%
くせなおしガス
1%
くろうみそ
1%
クロス・スイッチ
1%
ケロンパス
1%
固形空気
1%
ココロチョコ
1%
心よびだし機
1%
コジツケール
1%
こだまラッカー
1%
ゴキブリぼう
1%
サイオー馬
1%
細胞縮小機
1%
さいみん機
1%
サンタメール
1%
シズメバチの巣
1%
シャーロック・ホームズセット
1%
しゅみの日曜農業セット
1%
瞬間接着銃
1%
食用宇宙服
1%
時間ナガナガ光線
1%
ジキルハイド
1%
自信ぐらつ機
1%
自信ヘルメット
1%
ジャストホンネ
1%
ジャック豆
1%
十二支変身サイコロ
1%
人体部品とりかえ機
1%
スケジュールどけい
1%
スッパリほうちょう
1%
スパイ衛星
1%
スパイセット
1%
スーパーグルメスパイス
1%
正義ロープ
1%
精霊よびだしうでわ
1%
世界記ロック
1%
そうなる貝セット
1%
ゾウ印口べに
1%
タイムシーバー
1%
タイムセンサー
1%
タイムピストル
1%
タイムワープリール
1%
宝さがし機
1%
タコ印口べに
1%
タスケテ帽
1%
タスケロン
1%
たたりチンキ
1%
タッチてぶくろ
1%
ターザンパンツ
1%
ターザンロープ
1%
大工ドリンク
1%
代用シール
1%
地球セット
1%
チャンスカメラ
1%
つづきスプレー
1%
つめあわせオバケ
1%
ツルの恩返しキャップ
1%
手にとり望遠鏡
1%
テレパしい
1%
天女の羽衣
1%
出前電話
1%
トゲトローズ
1%
トトスキー
1%
トビレットペーパー
1%
トレアドール
1%
トレーサーバッジ
1%
動物変身恩返しグスリ
1%
どこでもだれでもローラースケート
1%
どこでもホール
1%
ドジバン
1%
ドライ・ライト
1%
ドリームガン
1%
ドロボウホイホイ
1%
ドロン葉
1%
ナイヘヤドア
1%
ナマケモノスーツ
1%
なんでもコントローラー
1%
人間あやつり機
1%
人間味調味料
1%
人間ラジコン
1%
熱血応援マイク
1%
ネンドロイド
1%
ノーリツチャッチャカじょう
1%
はいどうたづな
1%
ハッピーガチャ
1%
初日の出セット
1%
花咲か灰
1%
バリヤーポイント
1%
バードキャップ
1%
必中ゴムパチンコ
1%
びっくり箱ステッキ
1%
ビックリライト
1%
ビョードーばくだん
1%
ファンタグラス
1%
ふくびんコンビ
1%
分身ハンマー
1%
プッシュドア
1%
平和アンテナ
1%
変身カチューシャ
1%
ペタンコローラー
1%
ほんもの折紙
1%
ほんもの図鑑
1%
マジックおなか
1%
マジックチャック
1%
魔法事典
1%
まもり紙
1%
マルクナール
1%
未知とのそうぐう機
1%
ミニハウス
1%
未来テレビ
1%
虫スカン
1%
ムシムシ操縦ハンドル
1%
メモリーローン
1%
モテモテール
1%
もはん手紙ペン
1%
モンスターボール
1%
モーゼステッキ
1%
やくびょう紙
1%
野生ペット小屋
1%
ヤリトゲ
1%
雪アダプター
1%
ゆめふうりん
1%
よかん虫
1%
四次元三輪車
1%
陸上ボート
1%
流行性ネコシャクシウィルス
1%
レスキューボトル
1%
レプリコッコ
1%
ワスレンボー
1%
ほんもの3Dメガネ
1%
アクション連動マット
0%
悪魔ット
0%
あちこち収納カメラ
0%
あっちこっち移動セット
0%
あっちこっちテレビ
0%
あなただけのものガス
0%
アニマルフード製造機
0%
雨男晴れ男メーター
0%
嵐嵐おおあらし
0%
アラビンのランプ
0%
アルマジロン
0%
安全ミニ打ち上げ花火
0%
アンラッキー引き寄せバッジ
0%
アンラッキーポイントカード
0%
いいとこ選択しボード
0%
いいわ毛
0%
家の感じ変換機
0%
異説クラブメンバーズ バッジとマイク
0%
いそうロウ
0%
いただき小ばん
0%
痛みはね返りミラー
0%
一夜漬けダル
0%
いつでもどこでもスケッチセット
0%
居所探知機
0%
いねむりシール
0%
イマニ目玉
0%
イメージ実体機
0%
イメージ灯
0%
イルミネーション・クラッカー
0%
いれかえマップ
0%
入れじた 色々選べるセット
0%
色々カラーパレットと筆
0%
インスタントコピー機
0%
インスタント植物のタネ
0%
インスタントチョコメーカー
0%
インスタントツリー
0%
インスタントテレビ局
0%
インスタントファッションワックス
0%
インスタント舞台
0%
イ・レーザーポインター
0%
イージー特撮カメラ
0%
ウィンターシューズ
0%
ウイルスバキューム
0%
ウォータークリーンシップ
0%
うき水ガス
0%
歌番組ロボット
0%
打ち上げ式豆太陽
0%
うちでのデパート
0%
宇宙完全大百科と端末機
0%
宇宙ステーション実験キット
0%
宇宙探検ごっこ
0%
宇宙探検ごっこヘルメット
0%
宇宙探検すごろく
0%
宇宙ピクニックセット
0%
宇宙遊覧気球
0%
宇宙旅行用オートマチックロケット
0%
うつしぼくろ
0%
海の生き物シップ
0%
ウラメシズキン
0%
ウルトラ恵方巻き
0%
ウルトラクラッシャー
0%
ウルトラ消臭スプレー
0%
ウルトラスーパーオールマイティワクチン
0%
うわさのウチワ
0%
運動神経コントローラー
0%
エアコンフォト
0%
エイコーノトビラ
0%
衛星スパイカメラ
0%
エキス・パーツ
0%
E・S・P(エスパー)訓練ボックス
0%
エネルギーバルブ
0%
遠写かがみ
0%
おかしの家建築機
0%
おかたづけショールーム
0%
お金ぎらいになるキャンデー
0%
お金をあげたくなるキャンデー
0%
小川じゅうたん
0%
オクトパスーツ
0%
おくれカメラ
0%
お子さまハンググライダー
0%
お琴ロボ
0%
おこぼれワンワン
0%
お仕事マップセット
0%
おせじ口べに・悪口べに
0%
オタスケ帽
0%
落ち葉ンジー
0%
お手軽巻物
0%
おてがるロケット
0%
お天気バンド
0%
落としものカムバックスプレー
0%
落し物つりぼりとつりざお
0%
おとりモグラ
0%
踊らにゃソンソンシューズ
0%
おどれミファソラシューズ
0%
鬼のパンツ
0%
おねしょじゃ口
0%
お箸マスター
0%
オバケせんこう
0%
オバケタイマー
0%
おみやげフロシキ
0%
思いきりハサミ
0%
思い出再現機
0%
おもいヤリ
0%
温泉ジャグジー
0%
温泉掘り当てペアスコップ
0%
オート・アクションプロンプター
0%
オールシーズン花だん
0%
海外リョコッキ
0%
会社ごっこセット
0%
海水のもと
0%
快速シューズ
0%
海賊シップ
0%
怪談ランプ
0%
怪盗セット
0%
架空海水まきぞえガス
0%
架空水体感メガネ
0%
架空水面シミュレーター・ポンプ
0%
架空通話アダプター
0%
架空動物製造機
0%
かぐやスカーフ
0%
影とりプロジェクター
0%
かげながら
0%
影ぼうしフラッシュ
0%
貸し切りチップ
0%
かしきり電話
0%
かしらモジール
0%
かぜうつし機
0%
風の子バンド
0%
かぜぶくろ
0%
家族合わせケース
0%
かたっぽ探知リード
0%
カチカチカメラ
0%
カッパのおさら
0%
カップルテストバッジ
0%
カツオブシガム
0%
家庭科エプロン
0%
かなづち用足びれ
0%
かならず当たる手相セット
0%
カプセル式苗
0%
かべかえカメラ
0%
かべかけ犬小屋
0%
かべかけパン工房
0%
かべ紙会社
0%
かべ景色きりかえ機
0%
かぼちゃライト
0%
カミナリ雲
0%
かみなりだいこ
0%
カミぬきミラー
0%
紙の工作 きりぬく本
0%
カラオケキング
0%
カラオケメイツロボット
0%
からくり忍者ロボット
0%
カルガモエッグ
0%
かるがるもちはこび用紙
0%
かるがる手袋
0%
カワムケルン
0%
カンガルートレパン
0%
カンゲキドリンク
0%
観光ビジョン
0%
感情エネルギーボンベ
0%
カンヅメカン
0%
かんにんぶくろ
0%
カーワッペン
0%
ガチガチン
0%
合体ノリ
0%
がっちりグローブ
0%
ガリバーロープ
0%
ガワラオニ
0%
がんじょう
0%
ガードマンロボット
0%
ガールフレンドカタログメーカー
0%
キカイソダテール
0%
気象シートと実験機
0%
季節カンヅメ
0%
北風と太陽コンビ
0%
気分コロン
0%
気まぐれカレンダー
0%
きもだめしめがね
0%
客よせチャルメラ
0%
キャラクター商品注文機
0%
キャラクターシール
0%
キャンプ用ライト
0%
吸音機
0%
救命クッション
0%
驚音波発振式ネズミ・ゴキブリ・家ダニ・シロアリ退治機
0%
兄弟シール
0%
恐怖症スタンプ
0%
恐怖箱
0%
強力岩とかし
0%
強力ハイポンプガス
0%
きよう手袋
0%
切りとりナイフとフォーク
0%
きんとフード
0%
ギシンアンコ
0%
技術手袋と天才ヘルメット
0%
クイズパズル光線
0%
空間入れかえ機
0%
空間接着剤
0%
空間ひんまげテープ
0%
空間ロープ
0%
空気てぶくろ
0%
空気ピストルのくすり
0%
空想ディスク
0%
くすぐり手ぶくろ
0%
組み立て円盤セット
0%
雲せいぞうき
0%
雲デキールセット
0%
雲とりバケツ
0%
雲ボート
0%
雲よせ機
0%
クラゲ観察キット
0%
クリーナーロケット
0%
クロマキーセット
0%
クローンリキッドごくう
0%
グッスリまくら
0%
グラスハッパーセット
0%
グルメリポートカメラ
0%
グレードアップ解除液
0%
グローブ銃
0%
警察犬三輪車
0%
携帯人工ミニ太陽
0%
ケガワリング
0%
けしきカッター
0%
けしきテント
0%
ケッシンコンクリート
0%
ケノビーロ
0%
けびょう薬
0%
家来セット
0%
顕微望遠鏡
0%
月光灯
0%
ゲラゲライヤホン
0%
げんきえさ
0%
元気の出る爆弾
0%
現実ビデオ化機
0%
ゲームブック
0%
ゲームホントローラー
0%
こいのぼりそうじゅうき
0%
工作ほんものスプレー
0%
降雪機
0%
高層マンション化エレベーター
0%
こうつうきせいタイマー
0%
交通ひょうしきステッカー
0%
コウヘイカ
0%
小型酸素ボンベ
0%
小型ますい銃
0%
国際保護動物スプレー
0%
こけおどし手投げ弾
0%
ここ掘れつけ鼻
0%
ここほれワイヤー
0%
ココロコロン(ドラミ版)
0%
心つき出ししゅ木
0%
心の声スピーカー
0%
心の土
0%
心吹き込みマイク
0%
こじつけ鑑定士
0%
こだまなおしラッカー
0%
コチョコチョ手袋
0%
ことばきんしマーカー
0%
言バナナ
0%
コドモニター
0%
コノ道トーリャンセチャート
0%
こびとばこ
0%
コピー頭脳
0%
コピーとりよせ機
0%
こまどりカメラ映写機
0%
コレヨリメガホン
0%
コンク・フード
0%
コンビパトボール
0%
コースチェッカー
0%
合成鉱山の素
0%
ごきげんポカポカシール
0%
ゴキブリトレとれビッグ
0%
ゴミ磁石
0%
ごろあわせお重ばこ
0%
ゴロアワセトウ
0%
ゴーホーム・オルゴール
0%
さいみん貯金箱
0%
さいみんふりこ
0%
サイラン液
0%
サカナキタキタゲート
0%
サカナコイコイゲート
0%
探シマリス
0%
さがしものアンテナ
0%
サキ鳥
0%
殺菌ライト
0%
さとりヘルメット
0%
サファリクラフト
0%
三倍時計ペタンコ
0%
三分の一時計ペタンコ
0%
三輪飛行機
0%
材質変換機
0%
材料箱
0%
雑誌作りセット
0%
司会者ロボット
0%
しかえし伝票
0%
しずめ玉とうかび玉
0%
自然観察プラモシリーズ
0%
七人の知り合い
0%
しつけキャンディー
0%
室内旅行機
0%
品物運勢鏡
0%
シナリオライター
0%
シネラマンともどる薬
0%
写真きゅうばん棒
0%
シャシンシャベール
0%
写真入りこみスコープ
0%
シャボン玉ピストル
0%
シャンポーンロケット
0%
集中力増強シャボンヘルメット
0%
修理用接着剤
0%
しゅくテキ
0%
出ちょう口目
0%
朱にまじわれ棒
0%
主役はめこみ機
0%
瞬間移動潜水艦
0%
瞬間移動潜水艦ファミリータイプ
0%
瞬間魚拓用紙
0%
瞬間昼寝ざぶとん
0%
障害チップ
0%
消臭スプレー
0%
正直電波
0%
招待錠
0%
賞品かせぎカウボット
0%
職業テスト腕章
0%
職人ロボット 大工の辰っつあん
0%
食品視覚化ガス
0%
植物歩かせ液
0%
植物工作エプロン
0%
植物ペン
0%
ショージキデンパ
0%
しりとり変身カプセル
0%
しりとり変身卵
0%
深海ヘッドランプ
0%
進化活性光線
0%
新種植物製造機
0%
真実の旗印
0%
しんじゅ製造アコヤケース
0%
寝台列車セット
0%
新聞社ごっこセット
0%
新聞日づけ変更ポスト
0%
進路アドバイザー
0%
CMキャンデー発射機
0%
ジェット気流発生機と着地ポイント
0%
ジェットモグラ
0%
自家用衛星
0%
時空間いれかえ機
0%
時空間チューリップ号
0%
時空間とりかえ機
0%
ジケン爆弾
0%
じざいろくろ
0%
十戒石板
0%
実感帽
0%
実景ひきよせ額縁
0%
実物ミニチュア大百科
0%
実物立体日光写真
0%
実用ミニカーセット
0%
自動歩き回りそうち
0%
自動おしゃべり機
0%
自動買いとり機
0%
自動買い物かご
0%
自動かなづち
0%
自動木登りそうち
0%
自動しかえしレーダー
0%
自動質屋機
0%
自動ついせきアダプター
0%
自動虹製造機
0%
自動人形げき
0%
自動のこぎり
0%
自動販売タイムマシーン
0%
自動万能工事マシン
0%
自動ひっかきそうち
0%
自動返送荷札
0%
辞ニンジン
0%
地面じゅうたん
0%
じゃんけん練習機
0%
十円なんでもストアー
0%
十二分の一時計ペタンコ
0%
重力調節器
0%
純真な目薬
0%
人体とりかえ機
0%
水圧銃
0%
スイカペン
0%
水上もうせん
0%
水中キャンプファイヤー
0%
水中自転車
0%
すいとり紙
0%
水道ジュース変換アダプター
0%
スイムドリンク
0%
スカンタコ
0%
スカートめくり用マジックハンド
0%
好き嫌い矯正ギプス
0%
スグピクトグラム
0%
ストレートホール
0%
スノーピッチャー
0%
スパイ作戦ごっこセット
0%
スパルタコーチ
0%
スパルタコーチ野球版
0%
スパルタ式にが手こくふく錠
0%
スピード時計
0%
スベールガス
0%
スペースイーター
0%
スペースウォーズ・ゲームセット
0%
スモールスプレー
0%
スモールライト(ドラミちゃん式)
0%
すりこみ製本機
0%
刷り込みたまご
0%
スリルブーメラン
0%
することレンズ
0%
すれちがいレーダー
0%
スーパー移動風呂1010
0%
スーパーダンごっこふろしき
0%
スーパー流しそうめん
0%
スーパー箸
0%
スーパー孫の手
0%
スーパーマント
0%
ずらしんぼ
0%
正かくグラフ
0%
声額
0%
正義のパトカー
0%
星座伝説シミュレーション
0%
静止衛星
0%
声紋キャンディー製造機
0%
世界変換マシン
0%
設計機
0%
設計紙
0%
セットメーカー
0%
世話やきロープ
0%
選挙運動用連呼マシン
0%
選挙ケン
0%
潜水ゴンドラ
0%
潜地艦
0%
潜地服
0%
仙人らくらくコース
0%
船舶専用レーダー高性能ワールドタイプ
0%
船舶びんづめ機
0%
千里一歩はねぼうき
0%
全自動こたつ
0%
全自動スケート靴
0%
全自動スケートこたつ
0%
全自動トレーラー
0%
相関図メーカー
0%
そうじゅうくんれん機
0%
争奪戦回避銃
0%
ソウナルじょう
0%
そくせき岩のもと
0%
即席エレベーター
0%
そくせきお宝箱
0%
即席スイートホーム
0%
そくせき料理機
0%
そだてぬぐい
0%
そっくり銅像キット
0%
そっくりペットフードと復元フード
0%
そっクリようかん製造機
0%
そのときどこにいた
0%
空飛ぶうす手じゅうたん
0%
空飛ぶふろしき
0%
ソーナルペン
0%
ゾクゾク線香
0%
タイタニックロボのプラモ
0%
台風チャート
0%
台風トラップと風蔵庫
0%
タイム(時間)カメラと現像機
0%
タイム借り物競走キット
0%
タイムホットライン
0%
タイム・ルーム
0%
たからさがしカウンター
0%
宝さがしごっこセット
0%
宝探し地図
0%
宝さがしペーパー
0%
宝のチーズ
0%
宝星探査ロケット
0%
宅配シャボン玉ストローとスーパーシャボン玉液
0%
たけのこ型テントセット
0%
たこ上がり
0%
たこのり
0%
助け船
0%
立ち木スタンド
0%
たちまちダンサー
0%
立ちユメぼう
0%
タヌキさいふ
0%
たましいステッキ
0%
たましいマーカー
0%
たましいを抜け出させる道具
0%
多目的おまもり
0%
タランポリン
0%
たんぼロール
0%
タンポポくし
0%
ダイエットペンチロボット用
0%
ダイエットン
0%
ダイスキンドリンク
0%
大統領の本
0%
ダイレクトパネル
0%
ダジャレイガン
0%
ダジャレーダー
0%
ダッピ灯
0%
ダルマさんころんだ帽
0%
チアリーダー手袋
0%
地下工事マシン
0%
近道マップ
0%
地球うちわ
0%
地球エレベーター
0%
地球消しゴム
0%
地球下車マシン
0%
チクタクボンワッペン
0%
ちく電スーツ
0%
地図ちゅうしゃき
0%
地中潜望鏡
0%
地中つりざお
0%
チップストッパー
0%
チッポケット二次元カメラ
0%
地底探検車
0%
チャンスメーカー
0%
チャンピオングローブ
0%
チューブ雲
0%
長距離風船手紙コントローラー
0%
超速達切手
0%
ちょこっとレンタルカード
0%
チョージャワラシベ
0%
チリつもらせ機
0%
チータローション
0%
ついせきアロー
0%
通話よこどり電話
0%
つくしん坊
0%
作って遊べる惑星探査キット
0%
つくれーるマイレール
0%
ツボ押し壺
0%
ツメアカせん茶
0%
ツモリガン
0%
ツリーハウス栽培セット
0%
つるのおんがえしセット
0%
手がかりレンズ
0%
鉄道ごっこセット
0%
手作り雲セット
0%
てるてるぼーず
0%
テレビ局セット
0%
天球儀
0%
転居テンキー
0%
天体けんび鏡
0%
テントハンカチ
0%
デザインスケッチブックと立体映写機
0%
DX列車セット
0%
電気爆弾
0%
デンゲキトレード
0%
電送ポンプ
0%
電貯バト
0%
透視スクリーン
0%
透視台と透視シール
0%
とうしめがね
0%
とう明人間目ぐすり
0%
透明防音壁
0%
トゲつき寝袋
0%
トッカエ・バー
0%
トトライド
0%
トナカイロケット
0%
飛ばし穴と警報機セット
0%
とびだしライト
0%
とび出す建物シリーズ 日本のお城
0%
止まり木
0%
トモダチロボット“ロボ子”
0%
とり消しガス
0%
取り消しゴムと目鼻ペン
0%
トリセツ・メーカー
0%
鳥よせ笛
0%
トレーニングロボ
0%
動物生まれかわりタマゴ
0%
動物観察ケース
0%
動物がたにげだしじょう
0%
動物ごっこぼうしニホンカワウソバージョン
0%
動物語ヘッドホン
0%
動物ショートステイカード
0%
動物セット
0%
動物粘土
0%
動物変身ステッキと解除用リップ
0%
動物変身ビスケット効き目長持ちバージョン
0%
動物ライト
0%
どこでも行ける矢
0%
どこでもじゃ口
0%
どこでも大ほう
0%
どこでも中継局
0%
どこでもテレビ
0%
ドッキリビデオ
0%
ドラキュラセット
0%
ドリームプレイヤー
0%
どんなきずでもすぐなおす薬
0%
どんぶらガス
0%
ないしょごみだしホール
0%
内用宇宙服
0%
なかまいりせんこう
0%
なかまバッジ
0%
流れ星の素
0%
流れ星ゆうどうがさ
0%
なくしものとりよせ機
0%
なくし物呼び出しメガホン
0%
夏祭りキット
0%
ななころびてんとう虫
0%
なべ奉行
0%
なりきりケイドロセット
0%
なりきり忍者セット
0%
なんでもアイス棒
0%
なんでもアシストーン
0%
なんでも空港
0%
なんでもクレーンゲーム
0%
なんでも信じるコ・缶入り
0%
なんでも磁石
0%
なんでもそうじゅう機
0%
なんでもソムリエ
0%
なんでも食べる子元気な粉
0%
なんでもティンパニー
0%
なんでもテッポウ魚
0%
なんでもデリバリーバックパック
0%
なんでもバイオリン
0%
なんでもバイキング
0%
なんでもリフォームセット
0%
なんとかバチ
0%
にが手タッチバトン
0%
苦手つくり機
0%
虹色懐中電灯
0%
日曜農業セットピーマンバージョン
0%
日本標準カレンダー
0%
日本一周超特急すごろく
0%
ニャントカニャール
0%
人形自動化音波
0%
人間貯金箱製造機
0%
人間ブックカバー
0%
人間用タイムスイッチ
0%
人間ロケット砲
0%
忍者修行セット~疾風百里行の術~
0%
忍者修行セット~水上歩行の術~
0%
忍者修行セット~天狗飛昇の術~
0%
忍者セット
0%
ニンニン修行セット
0%
ニンニンまきまき
0%
ぬいぐるみオーブン
0%
ぬいぐるみコートとつめもの
0%
ぬけ穴ボールペン
0%
ぬけ穴ライト
0%
ぬれぎぬ
0%
ねがい七夕ロケット
0%
ねこっかぶり
0%
寝太郎まくら
0%
熱血まんじゅう
0%
熱演カチンコと監督ロボット
0%
ねながらケース
0%
ネムケスイトール
0%
年月圧縮ガン
0%
年代そくてい機
0%
ネンドロン
0%
年末やりなおしカレンダー
0%
能力カセット
0%
能力ディスク
0%
のぞみ実現機
0%
ノゾミルじゅう
0%
のど自慢アメ
0%
ノビールハンド
0%
乗りものぐつ
0%
呪いのワラい人形
0%
ふにゃふニャン
0%
配達ラケット
0%
ハイパワーグローブ
0%
配役いれかえビデオ
0%
ハウスロボット
0%
ハガセール
0%
白亜紀ツアーセットのカプセル
0%
拍手水ましマイク
0%
箱入りかがみ
0%
箱入り地獄
0%
箱庭シリーズ アマゾン川
0%
箱庭シリーズ ザンベジ川
0%
箱庭シリーズ ナイアガラの滝
0%
箱庭シリーズ 湖
0%
箱庭シリーズ・赤松山
0%
箱庭シリーズ・急流山
0%
はこ庭セット
0%
はじめてポン
0%
ハジメテン
0%
発光マット
0%
ハッスルねじ巻き
0%
ハッピープロムナード
0%
はなジュース
0%
はなバルーン
0%
花火花セット
0%
ハハオヤロボット オフクローのタマゴ
0%
ハマグリパック
0%
ハメルンチャルメラ
0%
ハラハラハウス
0%
ハリ千本バッジ
0%
ハンディキャップ
0%
反のうテストロボット
0%
半分おでかけ雲
0%
ハー灯
0%
バイオ植木カン
0%
ばくはつこしょう
0%
バタバタフライ チョウバージョン
0%
バタバタフライ ハチバージョン
0%
バラエティーおもちつきセット
0%
バランス注射
0%
バランストレーナー
0%
番犬貯金箱
0%
万能オープナーひらけゴマ
0%
万能改造自動ドライバー
0%
万能改造自動ドライバーとロボット入門の本
0%
万能テント
0%
万能舞台装置
0%
万能プリンター
0%
パズル貯金箱
0%
パワーつるはし
0%
パンダナ
0%
パーソナル応援団長
0%
光ごけ
0%
光ファイバーつた
0%
引き寄せ鏡
0%
ひさしぶりトランク
0%
ひっこしセット
0%
ひっこし地図
0%
必中けん賞ハガキ
0%
ヒットソングコング
0%
ヒットメーカーとヒットマイク
0%
日づけ変更カレンダー
0%
人がたスタンプインクと用紙
0%
人さがしガサ
0%
ヒトマネロボット
0%
人よけジャイロ
0%
ヒミツゲンシュ犬
0%
秘密書類やきすて銃
0%
ひものゆうれい
0%
百年カプセル
0%
百万ボルトひとみ
0%
百鬼線香と説明絵巻
0%
表情コントローラー
0%
ひょうろんロボット
0%
ひらけドアゲーム
0%
昼行灯
0%
ひろびろポンプ
0%
美声マイク
0%
ピッタリフィットカメラ
0%
ピノキオの花
0%
ピンキリ未来鑑定メガネ
0%
ファイタースーツ
0%
ファンクラブ結成バッジとファンクラブ本部
0%
風船いかだ
0%
フェスティバルーン
0%
ふきとばし・せん風機
0%
フットンダー
0%
踏切セット
0%
フリダシニモドル
0%
フリーサイズぬいぐるみカメラ
0%
フルーツボート
0%
ふろしきタクシー
0%
フワフワオビ
0%
ふわふわぐすり
0%
ふわりビーム
0%
ふんわりズッシリメーター
0%
物体電送アダプター
0%
物体変換クロス
0%
物体変換銃
0%
ぶつぶつ交換機
0%
ブツブツ交換機
0%
部分進化ガン
0%
ブラックベルト
0%
ブラックホールゴミ箱
0%
ブラックホール分解液
0%
ブラックホールペンとホワイトホールペン
0%
プカリクリーム
0%
プラ酢とマイナ酢
0%
プラネタイジリウム
0%
プラモ化カメラ
0%
プレゼントのなる木
0%
へたうまスプレー
0%
へやこうかんスイッチ
0%
変形ライト
0%
変身ドリンク
0%
変身ドリンク・EX
0%
変身リングとカード
0%
変身レプリンター
0%
変身ロボット
0%
返事先どりポスト
0%
変装服
0%
勉強ロボット
0%
ペタリ甲板
0%
ぺたり手ぶくろとくつ
0%
ペタンコアイロン
0%
ペットクリーム
0%
ペットペン
0%
ペット用魚えさ
0%
ペーパーレーダー
0%
ほくろ型スピーカーとマイク
0%
ほしい人探知機
0%
星鑑賞用ケース
0%
星釣りセット
0%
星とりあみとハンマー
0%
星引き網
0%
ほどほどあらし
0%
ほどほど宝島
0%
ほねぐみロボット
0%
本人ビデオ
0%
ホンネ吸いだしポンプ
0%
本の味の素
0%
本物クレヨン
0%
本物電子ゲーム
0%
ほんものライト
0%
ほんやくコンニャクアイス味
0%
望遠ミラー
0%
冒険ゲームブック
0%
ぼんのうボウシ
0%
ポケット竜巻
0%
ポップコーンハット
0%
ポラマップスコープとポラマップ地図
0%
マイクロ補聴器
0%
マイナス磁石
0%
マグマ探知機
0%
まさつブラシ
0%
マジックボックス
0%
マジック・セメント
0%
まじんのいない魔法のランプ
0%
マタタビ香水
0%
マッドウオッチ(驚時機)
0%
窓けしききりかえ機
0%
まねラジコン
0%
ママをたずねて三千キロじょう
0%
真水ストロー
0%
迷い道
0%
まるごとコピーカム
0%
○×占い
0%
見栄っ張りプロフィール
0%
見えなくなる目ぐすり
0%
身がわり紙人形
0%
身代わりテレビ
0%
みがわりマイク
0%
みこみ予ほう機
0%
水切りのこぎり
0%
水玉カプセル
0%
水手ぶくろ
0%
水ビデオ
0%
水ビル建築機
0%
みせかけつり針
0%
みせかけモテモテバッジ
0%
みせかけモノシリハット
0%
みせかけ落がきペン
0%
見たままスコープ
0%
みたままベレーと自動ふで
0%
道案内ナビ
0%
ミチサキステッキ
0%
みちび機
0%
密閉空間探索機
0%
ミニ頭
0%
ミニ雨雲
0%
ミニサンタ
0%
ミニ植物の種
0%
ミニチュア早乙女
0%
ミニチュア消防車
0%
ミニドラ専用ロケット
0%
ミニ熱気球
0%
ミニブルドーザー
0%
ミニロケット
0%
ミニ・ブラックホール
0%
耳バンデラックス
0%
未来小切手帳
0%
未来デパート通信マシン
0%
未来の宇宙船
0%
未来のクリスマスカード
0%
ミラクルレンズ
0%
ミントデミント
0%
虫ぐんぐん
0%
虫の声の素
0%
ムシムシヒーローベルト
0%
ムシャクシャタイマー
0%
無人境ドリンク
0%
無人たんさロケット
0%
無人島探知スクリュー
0%
むすびの糸
0%
無生物しきぼう
0%
むだ時間とりもどしポンプ
0%
ムードスタンド
0%
名作劇場カメラ
0%
メカメラ
0%
めだちライト
0%
メッセージ大砲
0%
メルヘンランド入場券
0%
メロディーお玉
0%
猛獣使い笛
0%
モグラロボット
0%
文字よみとり機
0%
もちせいぞうマシン
0%
モドキスプレー
0%
モドリスプレー
0%
物語トンネル
0%
もはん手紙筆
0%
もりあげ観客団
0%
モンタージュバケツ
0%
モーターたらい
0%
役立つもの販売機
0%
やくよけシール
0%
ヤセール
0%
ヤセールトンネル
0%
ヤメラレン
0%
やりクリ
0%
やりくりアリ
0%
友情カプセルとコントローラー
0%
ゆうびんロケット
0%
ゆうレイ
0%
雪あそびロボット
0%
ユクスエカメラ
0%
ゆっくり反射ぞうきん
0%
ユメかんとくいす
0%
ゆめグラス
0%
ゆめコントローラー
0%
ユメスクリーン
0%
ゆめスピーカー
0%
ゆめたしかめ機
0%
夢のり
0%
夢破壊砲
0%
ユメプロジェクター
0%
ユメマボロシ社カタログ
0%
ユーメー人
0%
よい子バンド
0%
妖怪クリームセット
0%
予知夢アメ
0%
呼び出しポンプ
0%
よびつけブザー
0%
夜昼ランプ
0%
夜ランプ
0%
ヨンダラ首わ
0%
ライトニングボルトサーベル
0%
楽園シミュレーター
0%
らくがおペン
0%
らくがき銃
0%
ラクダロボット
0%
らくらく築城セット
0%
らくらく道具
0%
楽々バーベキューセット
0%
ラジコン宇宙人
0%
ラジコン潜水艦セット
0%
ラジコン粘土
0%
ラジコンの素
0%
リクエストテレビ
0%
リザーブ・マシン
0%
立体効果音8チャンネル
0%
立体コピー紙
0%
立体パズルハンマー
0%
立体ペインター
0%
リフトストック
0%
リモコンの素
0%
ルームガードセット
0%
ルームスイマー
0%
列車用すごろくセット
0%
レポーターロボット
0%
連想式推理虫メガネ
0%
録験機
0%
ロケットストロー
0%
ロケットそうじゅうくんれん機
0%
ロケットソケット
0%
ロックロックハンマー
0%
ロボ警官 署長バッジ
0%
ロボッターとりもどし磁石
0%
ロボットのもと
0%
ロボット背後霊
0%
ロボットペーパー
0%
わすれとんかち
0%
忘れ物おくりとどけ機
0%
わたがし雲メーカー
0%
わりこみビデオ
0%
ドラえもん体内GPS
0%
UFO型宇宙船
0%
No matching quizzes found
Score Distribution
Percent of People with Each Score
Percentile by Number Answered
Your Score History
You have not taken this quiz